Statistics for Percy Jackson/Heroes of Olympus: Complete the Prophecy

Click here to take the quiz!

General Stats

  • This quiz has been taken 830 times
  • The average score is 21 of 43

Answer Stats

Book/Person prophecised toLine from ProphecyMissing phrase% Correct
PJ: Lightening ThiefYou shall go west, and face the god _ _ _.who has turned
76%
And foes bear arms to the _ _ _.Doors of Death
74%
(The 2nd Great Prophecy)To _ _ _ the world must fall,storm or fire
69%
PJ: Last OlympianA half-blood of the _ _,eldest gods
68%
And you shall _ _ _ what matters most, in the end.fail to save
68%
And one shall perish by a _ _.parent's hand
68%
HOE: Blood of Olympus_ _ _ shall answer the call,Seven half-bloods
68%
(The 1st Great Prophecy)Shall _ _ against all odds,reach sixteen
66%
An _ _ _with a final breath,oath to keep
63%
(Zoe's prophecy)One shall be lost in the _ _ _,land without rain
61%
(Percy's prophecy)You shall find _ _ _, and see it safely returned.what was stolen
60%
You shall be betrayed by the one who _ _ _ _.calls you a friend
58%
The _ _, cursed blade shall reap,hero's soul
56%
And see the world _ _ _,in endless sleep
56%
Twins snuff out the _ _,angel's breath
55%
The _ _ _'s final stand.child of Athena
55%
Destroy with a hero's _ _,final breath
53%
A _ _ shall end his days.single choice
53%
The _ _ must one withstand,Titan's curse
53%
who holds the key to _ _.endless death
51%
HOE: The Lost HeroOlympus to _ _ _.preserve or raze
50%
Falling from ice, the _ _ _ shall drown...son of Neptune
50%
(Phophecy quoted by Ella)The Mark of Athena _ _ _.burns through Rome
48%
You shall rise or fall by the _ _ _,ghost king's hand
48%
(Annabeth's prophecy)The dead, the traitor, and the _ _ _,lost one raise
48%
PJ: Titan's CurseFive shall go west to the _ _ _,goddess in chains
47%
And _ _ _ to worse than death.lose a love
47%
HOE: Mark of Athena_ _ walks alone.Wisdom's daughter
46%
And death unleash through _ _.Hera's rage
45%
The _ _ _ shall break the cage,forge and dove
41%
Campers and Hunters _ _,combined prevail
39%
And _ _ _ to fly home alone.fail without friends
39%
Giant's bane stands _ _ _,gold and pale
38%
PJ: Sea of MonstersYou shall sail the iron ship with _ _ _,warriors of bone
38%
The _ _ _ shows the trail,bane of Olympus
37%
(Jason's prophecy)Child of lightening, _ _ _,beware the earth
36%
(Clarisse's prophecy)You shall find what you seek and _ _ _ _,make it your own
34%
(Percy's Prophecy)lies the legion's _.crown
33%
PJ: Battle of the LabyrinthYou shall _ _ _ _ of the endless maze,delve in the darkness
32%
HOE: Son of NeptuneTo the north. _ _ _,beyond the gods
29%
The _ _ the seven shall birth,giant's revenge
29%
But _ _ _ _ entombed within stone,despair for your life
27%
_ _ _ from a woven jail.Won with pain
24%

Score Distribution

Percentile by Number Answered

Percent of People with Each Score

Your Score History

You have not taken this quiz